[Event "BRA CEAX op 3rd"]
[Site "Vitoria"]
[Date "2003.08.16"]
[Round "4"]
[White "Cuel, A."]
[Black "Lage, Sergio Correa Magal"]
[Result "1-0"]
[WhiteElo "1800"]
[BlackElo "1837"]
[PlyCount "75"]
[EventDate "2003.08.??"]
[EventType "swiss"]
[EventRounds "6"]
[EventCountry "BRA"]
[SourceTitle "EXT 2006"]
[Source "ChessBase"]
[SourceDate "2005.11.24"]
[SourceVersion "1"]
[SourceVersionDate "2005.11.24"]
[SourceQuality "1"]

1. Nf3 Nf6 2. g3 d5 3. Bg2 e6 4. d3 Nbd7 5. Nbd2 c6 6. b3 b6 7. Bb2 Qc7 8. 0-0 Bd6 9. c4 Bb7 10. Rc1 c5 11. cxd5 exd5 12. Re1 0-0 13. Nd4 Qb8 14. Nf5 Be5 15. d4 cxd4 16. f4 Bd6 17. Bxd4 Bc5 18. Nf3 Re8 19. Bh3 Bxd4+ 20. Qxd4 Re4 21. Qc3 Qc8 22. Qxc8+ Rxc8 23. Rxc8+ Bxc8 24. Nd6 Ba6 25. Nxe4 dxe4 26. Ne5 Nxe5 27. fxe5 Ne8 28. Bf5 f6 29. Bxe4 fxe5 30. Kf2 Nf6 31. Bd3 Bb7 32. h3 Kf7 33. Rc1 Ne8 34. Bb5 Nd6 35. Rc7+ Kf6 36. Bc6 Bxc6 37. Rxc6 Ke6 38. Rc7 1-0

[Event "BRA CEAX op 3rd"]
[Site "Vitoria"]
[Date "2003.08.16"]
[Round "2"]
[White "Cuel, A."]
[Black "Lahud, Tarcisio Jose"]
[Result "1-0"]
[WhiteElo "1800"]
[BlackElo "1949"]
[PlyCount "49"]
[EventDate "2003.08.??"]
[EventType "swiss"]
[EventRounds "6"]
[EventCountry "BRA"]
[SourceTitle "EXT 2006"]
[Source "ChessBase"]
[SourceDate "2005.11.24"]
[SourceVersion "1"]
[SourceVersionDate "2005.11.24"]
[SourceQuality "1"]

1. Nf3 d5 2. e3 Bg4 3. d3 e5 4. Nbd2 Nf6 5. Be2 Bd6 6. 0-0 Nc6 7. c4 0-0 8. cxd5 Nxd5 9. Nc4 f5 10. Qb3 b6 11. e4 Bxf3 12. Nxd6 Qxd6 13. Bxf3 fxe4 14. dxe4 Nd4 15. Qxd5+ Qxd5 16. exd5 Nxf3+ 17. gxf3 Rxf3 18. Be3 Rd8 19. Rac1 Rd7 20. Rfd1 Rf6 21. Rd2 h6 22. Rc6 Rfd6 23. Rxd6 Rxd6 24. Kg2 Kf7 25. Kf3 1-0